00894cam a22002771a 4500001001300000003000400013005001700017008004100034010001700075035001900092040002500111042001200136050002300148070002200171072000900193100003500202245010600237260004600343300005000389440003900439500003500478504002900513500002000542650003700562999001700599gs 64000283 DLC20260227111414.0780812s1964 dcuab b f001 0 eng  ags 64000283  a(OCoLC)4130962 aDLCcOClUdDNALdDLC apremarc00aQE75b.B9 no. 11530 a407bG29B no.11530 aX4001 aCressman, Earle Rupert,d1923-10aGeology of the Georgetown Canyon-Snowdrift Mountain area, southeastern Idaho /cby Earle R. Cressman. aWashington, [D.C.] :bU.S. G.P.O.,c1964. av, 105 p. :bill., maps (some col.) ;c24 cm. 0aGeological Survey bulletin ;v1153 aSeven folded leaves in pocket. aBibliography: p. 90-102. aIncludes index. 0aGeologyzIdahozPeale Mountains. c29872d29872